00851nam a2200217 4500952011600000999001900116008004100135020001500176082001900191100004500210240002100255245010400276260004600380300001800426490003200444505005800476519004300534650002000577650002400597942001200621 00102lcc4070a01b01d2019-10-01l2m1o822.33 S527mh p01 015104r2024-02-21s2024-02-06t1w2019-10-01yLB c104554d104554191001s1999 mx ||||| |||| 00| 0 spa d a8484034216 a822.33bS527mh 1aShakespeare, Williamd1564 - 1616eautor aMacbeth / Hamlet aMacbeth / Hamletc/ William Shakespeare; prólogo, introducción y notas de Juan Alarcón Benito aMadrid, Españab: Edimat Librosc, 1999 a223 páginas aClásicos Selección v22 6William Shakespeare: Su vida y su obra Macbeth Hamlet aMaterial Complementario /d(01 015104)14aTEATRO INGLÉS24aLITERATURA INGLESA  cLB2lcc